Az új Machiavelli

Elmentve itt :
Bibliográfiai részletek
Szerző: Wells Herbert George
További közreműködők: Tonelli Sándor
Dokumentumtípus: Könyv
Megjelent: Franklin Budapest 1929
Kulcsszavak:Angol irodalom - regény
Tárgyszavak:
Online Access:http://misc.bibl.u-szeged.hu/74702
LEADER 00626nam a2200193 i 4500
001 misc74702
005 20240508143732.0
008 240508s1929 hu o 000 hun d
040 |a SZTE Miscellanea Repozitórium  |b hun 
041 |a hun 
100 1 |a Wells Herbert George 
245 1 3 |a Az új Machiavelli  |h [elektronikus dokumentum] /  |c  Wells Herbert George 
260 |a Franklin  |b Budapest  |c 1929 
300 |a 160 
650 4 |a Bölcsészettudományok 
650 4 |a Nyelvek és irodalom 
695 |a Angol irodalom - regény 
700 0 1 |a Tonelli Sándor 
856 4 0 |u http://misc.bibl.u-szeged.hu/74702/1/xa_207159.pdf  |z Dokumentum-elérés